| 000 | 00955cab a2200253 4500 | ||
|---|---|---|---|
| 001 | WB3217-47 | ||
| 008 | 090401t1996 xxu||||| |||| 00| 0 eng d | ||
| 035 | _a(Sirsi) u8932 | ||
| 041 | _aeng | ||
| 245 | _aNew approach to trunk road planning | ||
| 260 | _c1996 | ||
| 350 | _a0 | ||
| 490 |
_aDepartment of Transport Press Notice _v(130) 25 April 1996, (7) |
||
| 520 | _aComments are invited (by 31 July 1996) on proposals for a new strategic approach to planning and managing trunk roads, which, for the first time is to be taken forward on a regional basis as part of the system of Regional Planning Guidance. Details. | ||
| 650 | _aINTEGRATION | ||
| 650 | _aLAND USE PLANNING | ||
| 650 | _aREGIONAL PLANNING GUIDANCE | ||
| 650 | _aPROPERTY-INFRASTRUCTURE-TRANSPORT INFRASTRUCTURE-ROAD INFRASTRUCTURE | ||
| 650 | _aTRANSPORT ISSUES | ||
| 650 | _aTRUNK ROADS | ||
| 690 | _aTRANSPORT AND COMMUNICATIONS | ||
| 942 | _n0 | ||
| 948 | _c04/03/1997 | ||
| 999 |
_c5536 _d5536 |
||